Завръщане от Африка (Запис номер 84811)
[ съкратено ]
| 000 -Лидер | |
|---|---|
| Контролно поле с фиксирана дължина | 01271nam a2200325 c 4500 |
| 003 - Код на организацията, давaща контролен номер | |
| Контролно поле | BLK |
| 005 - Дата и час на последна редакция | |
| Контролно поле | 20250110172821.0 |
| 008 - Елементи от данни с фиксирана дължина | |
| fixed length control field | 180408b bul|||||r ||||||| ||bul|| |
| 010 ## - Наследен системен номер | |
| LC control number | KNG00089402000 |
| 020 ## - Международен стандартен номер на книга ISBN | |
| Международен стандартен номер на книга ISBN | 978-954-516-798-0 |
| -- | издат.: Летера |
| 040 ## - Източник на каталожния запис | |
| Идентификатор на билиотеката - собственик на записа | BLK |
| 041 ## - Код за език | |
| Код за езика на текст/звукозапис или на отделно заглавие | Български |
| Код за езика КДБФ | Български |
| 080 ## - УДК | |
| Текстов определител УДК | ?Швейцарска литература |
| УДК код - определител по УДК | 830(494) |
| УДК определител | -312.6 |
| УДК - код + определител | 830(494)-312.6 |
| 100 1# - Редна дума - Автор | |
| Автор | Хофман, Корине |
| Авторска отговорност | първи автор |
| R(LIN) | 295406 |
| 139 ## - Редно поле | |
| Редна дума | Хофман, Корине |
| Авторски знак | Хоф - Х 71 |
| 245 10 - Сведения за заглавието | |
| Заглавие | Завръщане от Африка |
| Подзаглавни данни | Роман |
| Редно поле (дума) | Корине Хофман; прев. от нем. Александра Попова. |
| 257 ## - Страна на издаване | |
| Страна на създаване/издаване | Швейцария |
| 260 ## - Област на издателските данни | |
| -- | Пловдив |
| Име на издателя, разпространителя и проч. | Летера |
| Година на издаване | 2008 |
| 300 ## - Физическа характеристика | |
| Страници | 228 с. |
| Илюстрации и др. | с ил. |
| Размери/Мащаб | 22 см |
| 380 ## - Жанр | |
| Жанр | Худож. лит. |
| 500 ## - Общи забележки | |
| Забележка | Ориг. загл. Zuruck aus Afrika / Corinne Hofmann. - Офс. изд. |
| 653 ## - Ключова дума – ненормативна | |
| Ключова дума | романизувани биографии |
| 700 1# - Други автори (авторска отговорност) | |
| Лично име | Попова, Александра |
| Автороска отговорност (Описва отношението между автора и произведението) | прев. от нем. |
| 9 (RLIN) | 290804 |
| 852 ## - Местоположение | |
| Форматна сигнатура | Цб 234402 |
| 856 4# - Електронен адрес и достъп | |
| Електронен формат | pdf - файл |
| Път до файла /url/ | |
| 856 4# - Електронен адрес и достъп | |
| Електронен формат | pdf - файл |
| Път до файла /url/ | |
| 942 ## - АРТИКУЛИ | |
| Вид на библиотечния материал | Книги |
| Скрит в OPAC | Не |
| Koha issues (borrowed), all copies | 7 |
| 944 ## - СЪЗДАВАНЕ И РЕДАКЦИЯ на ЗАПИСА | |
| Създаване/Редакция | Създаване |
| Дата на регистрацията/редакция | 12.05.2009 |
| Статус, дата на статуса | Цветомила Тодорова |
| Служител, извършил регистрацията/редакцията | 30576 |
| 944 ## - СЪЗДАВАНЕ И РЕДАКЦИЯ на ЗАПИСА | |
| Създаване/Редакция | Редакция |
| Дата на регистрацията/редакция | 06.04.2016 |
| Статус, дата на статуса | ф / |
| Служител, извършил регистрацията/редакцията | Людмила_Стоянова |
| 999 ## - СИСТЕМНИ КОНТРОЛНИ НОМЕРА | |
| Koha biblionumber | 84811 |
| Koha biblioitemnumber | 84811 |
| Код за отписване | Код за изгубен артикул | Код за повреда | Коз за рестрикции | Код за отдаване | Артикулен № | Име на библиотеката - собственик | Име на библиотеката, в която се намира в момента | Статус (Текущо местоположение) | Дата на вписване в системата | Местоположение - отдел | Цена в лева | Инвентарен номер | Систематично азбучна сигнатура | Баркод | Номер на екземпляра | Цена в евро | Служебна бележка | Служебен тип на артикула | Източник на класификационната схема |
|---|---|---|---|---|---|---|---|---|---|---|---|---|---|---|---|---|---|---|---|
| Не е изгубен | Не е повреден | без рестрикции | ползва се в читалня | 137604 | Регионална библиотека "Любен Каравелов" Русе | Регионална библиотека "Любен Каравелов" Русе | Хранилище | 2009-05-07 | Хранилище | 16.00 | 120000735521 | Цб 234402 | 120000735521 | 1 | 8.18 | Дост: Dp Вид: Д N: 48 Дата: 12.11.2008 | Книги | ||
| Не е изгубен | Не е повреден | без рестрикции | заемане за дома | 137605 | Регионална библиотека "Любен Каравелов" Русе | Регионална библиотека "Любен Каравелов" Русе | Заемна - подръчен фонд | 2016-03-31 | Заемна - подръчен фонд | 16.00 | 120000799206 | П 830-31/Х 71 | 120000799206 | 2 | 8.18 | Дост: DA Вид: А N: 15 Дата: 31.03.2016 | Книги | Universal Decimal Classification |